[Event "Montreal Mercredi 10"]
[Site "Montreal CAN"]
[Date "2012.10.03"]
[Round "1"]
[White "Cloutier, Mathieu"]
[Black "Boudreau, Daniel"]
[Result "1/2-1/2"]
[WhiteElo "2072"]
[BlackElo "2027"]
[PlyCount "67"]
[GameId "2160767909444961"]
[EventDate "2012.10.03"]
[EventType "swiss"]
[EventRounds "5"]
[EventCountry "CAN"]
[SourceTitle "EXT 2022"]
[Source "ChessBase"]
[SourceDate "2021.10.06"]
[SourceVersion "1"]
[SourceVersionDate "2021.10.06"]
[SourceQuality "1"]

1. e4 c5 2. Nf3 e6 3. d4 cxd4 4. Nxd4 a6 5. Bd3 Bc5 6. Nb3 Be7 7. O-O Qc7 8. Qg4 g6 9. Nc3 Nc6 10. Bf4 d6 11. Qe2 Nf6 12. Be3 b5 13. f4 h5 14. h3 h4 15. f5 Ne5 16. fxg6 Nxg6 17. Bd4 e5 18. Rxf6 exd4 19. Nd5 Qa7 20. Rxg6 fxg6 21. e5 O-O 22. Na5 Bd8 23. exd6 Qf7 24. Ne7+ Bxe7 25. dxe7 Re8 26. Nc6 Bd7 27. Rf1 Qg7 28. a4 Bxc6 29. Qe6+ Kh8 30. Rf7 Bd7 31. Qd5 Bc6 32. Qe6 Bd7 33. Qd5 Bc6 34. Qe6 1/2-1/2

[Event "Montreal Mercredi 10"]
[Site "Montreal CAN"]
[Date "2012.10.03"]
[Round "1"]
[White "Cote, Philippe"]
[Black "Munshi, Shawkat"]
[Result "1-0"]
[WhiteElo "1739"]
[BlackElo "1614"]
[PlyCount "53"]
[GameId "2160767909444962"]
[EventDate "2012.10.03"]
[EventType "swiss"]
[EventRounds "5"]
[EventCountry "CAN"]
[SourceTitle "EXT 2022"]
[Source "ChessBase"]
[SourceDate "2021.10.06"]
[SourceVersion "1"]
[SourceVersionDate "2021.10.06"]
[SourceQuality "1"]

1. e4 c5 2. Nf3 d6 3. d4 cxd4 4. Nxd4 Nf6 5. Nc3 a6 6. Bc4 e6 7. Bb3 b5 8. O-O b4 9. Na4 Nxe4 10. Re1 d5 11. c4 bxc3 12. bxc3 Bb7 13. f3 Nf6 14. Bg5 Be7 15. Rxe6 fxe6 16. Nxe6 Qd6 17. Nxg7+ Kf7 18. Nf5 Qe5 19. Nh6+ Kf8 20. Qd2 Nbd7 21. Re1 Qd6 22. Nf5 Qa3 23. Rxe7 Qxe7 24. Nxe7 Kxe7 25. Nb6 Rad8 26. Nxd5+ Bxd5 27. Qxd5 1-0

[Event "Montreal Mercredi 10"]
[Site "Montreal CAN"]
[Date "2012.10.03"]
[Round "1"]
[White "De Briey, Laurent"]
[Black "Chabot, Roland"]
[Result "1-0"]
[WhiteElo "2224"]
[BlackElo "2119"]
[PlyCount "95"]
[GameId "2160767909444963"]
[EventDate "2012.10.03"]
[EventType "swiss"]
[EventRounds "5"]
[EventCountry "CAN"]
[SourceTitle "EXT 2022"]
[Source "ChessBase"]
[SourceDate "2021.10.06"]
[SourceVersion "1"]
[SourceVersionDate "2021.10.06"]
[SourceQuality "1"]

1. d4 e6 2. Nf3 c5 3. e3 d5 4. c4 a6 5. b3 Nc6 6. Bd3 Nf6 7. O-O Bd6 8. Bb2 cxd4 9. exd4 O-O 10. Nbd2 b6 11. Ne5 Bb7 12. Rc1 dxc4 13. Ndxc4 Be7 14. Qe2 b5 15. Nxc6 Bxc6 16. Ne5 Bd5 17. Nc6 Qd7 18. Nxe7+ Qxe7 19. Rc5 Qb7 20. f3 Rfd8 21. Qc2 h6 22. Rc1 Qb6 23. Qf2 Qd6 24. Qg3 Qxg3 25. hxg3 Bb7 26. a4 bxa4 27. bxa4 Rac8 28. Rc7 Rb8 29. Ba3 Nd5 30. R7c5 Nb6 31. a5 Rxd4 32. Bf1 Ra4 33. Bb2 Nd5 34. Be5 Rd8 35. Rb1 Rd7 36. g4 f6 37. Bg3 Kf7 38. Bc4 Ke7 39. Kf2 Nc3 40. Rb6 Nd5 41. Bd6+ Kf7 42. Bxd5 exd5 43. Ke3 d4+ 44. Kd3 Ra3+ 45. Kxd4 Ke6 46. Kc4 Ra4+ 47. Kb3 Rxd6 48. Kxa4 1-0

[Event "Montreal Mercredi 10"]
[Site "Montreal CAN"]
[Date "2012.10.03"]
[Round "1"]
[White "Dion, Etienne"]
[Black "Gauthier, Luc"]
[Result "1-0"]
[WhiteElo "1867"]
[BlackElo "1743"]
[PlyCount "93"]
[GameId "2160767909444964"]
[EventDate "2012.10.03"]
[EventType "swiss"]
[EventRounds "5"]
[EventCountry "CAN"]
[SourceTitle "EXT 2022"]
[Source "ChessBase"]
[SourceDate "2021.10.06"]
[SourceVersion "1"]
[SourceVersionDate "2021.10.06"]
[SourceQuality "1"]

1. e4 Nf6 2. e5 Nd5 3. d4 d6 4. c4 Nb6 5. f4 dxe5 6. fxe5 Nc6 7. Be3 Bf5 8. Nc3 e6 9. Nf3 Bg4 10. Qd2 Bb4 11. a3 Bxc3 12. Qxc3 Bxf3 13. gxf3 Qh4+ 14. Bf2 Qf4 15. Rd1 O-O-O 16. b4 Na4 17. Qe3 Qxe3+ 18. Bxe3 Nb6 19. Rg1 g6 20. b5 Ne7 21. Bg5 Rd7 22. Bxe7 Rxe7 23. Kd2 Rd8 24. Kc3 Nd7 25. f4 Nc5 26. Bg2 Na4+ 27. Kb3 Nb6 28. Rd2 Kb8 29. a4 Red7 30. a5 Nc8 31. Kc3 Ne7 32. a6 b6 33. Bc6 Nxc6 34. bxc6 Re7 35. d5 exd5 36. cxd5 f6 37. Re1 Kc8 38. Kd4 Re6 39. Kc4 Re7 40. Rde2 fxe5 41. fxe5 Rf7 42. e6 Rf4+ 43. Re4 Rxe4+ 44. Rxe4 Re8 45. e7 g5 46. Re5 h5 47. Rf5 1-0

[Event "Montreal Mercredi 10"]
[Site "Montreal CAN"]
[Date "2012.10.03"]
[Round "1"]
[White "Lacroix, Serge"]
[Black "Barko, Maxim"]
[Result "1-0"]
[WhiteElo "1784"]
[BlackElo "1751"]
[PlyCount "69"]
[GameId "2160767909444965"]
[EventDate "2012.10.03"]
[EventType "swiss"]
[EventRounds "5"]
[EventCountry "CAN"]
[SourceTitle "EXT 2022"]
[Source "ChessBase"]
[SourceDate "2021.10.06"]
[SourceVersion "1"]
[SourceVersionDate "2021.10.06"]
[SourceQuality "1"]

1. e4 e6 2. d4 d5 3. Nc3 Bb4 4. e5 c5 5. a3 Bxc3+ 6. bxc3 Ne7 7. Bb5+ Bd7 8. Bxd7+ Qxd7 9. Nf3 Nbc6 10. O-O cxd4 11. cxd4 O-O 12. Bg5 Nf5 13. Qd2 b6 14. g4 Nfe7 15. h4 f6 16. exf6 gxf6 17. Bh6 e5 18. Kh2 Ng6 19. Rg1 Rf7 20. h5 Nf8 21. dxe5 Qc7 22. Kh1 Nxe5 23. Nxe5 Qxe5 24. Rae1 Qd6 25. Bxf8 Raxf8 26. g5 fxg5 27. Rxg5+ Rg7 28. Rxg7+ Kxg7 29. Rg1+ Kf7 30. Rg5 Ke6 31. Qe2+ Kd7 32. Rg7+ Kc8 33. Qa6+ Kd8 34. Qxa7 Qc6 35. Qe7+ 1-0

[Event "Montreal Mercredi 10"]
[Site "Montreal CAN"]
[Date "2012.10.03"]
[Round "1"]
[White "Levkovsky, Alexandre"]
[Black "Chiku-Ratte, Olivier-Kenta"]
[Result "0-1"]
[WhiteElo "2247"]
[BlackElo "2214"]
[PlyCount "42"]
[GameId "2160767909444966"]
[EventDate "2012.10.03"]
[EventType "swiss"]
[EventRounds "5"]
[EventCountry "CAN"]
[SourceTitle "EXT 2022"]
[Source "ChessBase"]
[SourceDate "2021.10.06"]
[SourceVersion "1"]
[SourceVersionDate "2021.10.06"]
[SourceQuality "1"]

1. d4 Nf6 2. c4 c5 3. d5 e6 4. Nc3 exd5 5. cxd5 d6 6. e4 g6 7. f4 Bg7 8. Bb5+ Nbd7 9. e5 dxe5 10. fxe5 Nh5 11. e6 Qh4+ 12. Kd2 fxe6 13. dxe6 O-O 14. exd7 Rf2+ 15. Nge2 Bxd7 16. Bxd7 Rd8 17. Kc2 Bxc3 18. g4 Qe7 19. Qd5+ Kh8 20. Kxc3 Rxd7 21. Bg5 Qg7+ 0-1

[Event "Montreal Mercredi 10"]
[Site "Montreal CAN"]
[Date "2012.10.03"]
[Round "1"]
[White "Lopez Linares, Cesar"]
[Black "O'Connor, Michael"]
[Result "1/2-1/2"]
[WhiteElo "1732"]
[BlackElo "1691"]
[PlyCount "46"]
[GameId "2160767909444967"]
[EventDate "2012.10.03"]
[EventType "swiss"]
[EventRounds "5"]
[EventCountry "CAN"]
[SourceTitle "EXT 2022"]
[Source "ChessBase"]
[SourceDate "2021.10.06"]
[SourceVersion "1"]
[SourceVersionDate "2021.10.06"]
[SourceQuality "1"]

1. d4 Nf6 2. c4 e6 3. Nc3 d5 4. Nf3 Be7 5. Bg5 c6 6. e3 Nbd7 7. Rc1 O-O 8. Bd3 dxc4 9. Bxc4 Nd5 10. Bxe7 Qxe7 11. O-O Nxc3 12. Rxc3 e5 13. dxe5 Nxe5 14. Nxe5 Qxe5 15. f4 Qe4 16. Qe2 Re8 17. Bd3 Qe7 18. e4 f6 19. e5 fxe5 20. Qe4 g6 21. fxe5 Bf5 22. Qc4+ Be6 23. Qd4 Bd5 1/2-1/2

[Event "Montreal Mercredi 10"]
[Site "Montreal CAN"]
[Date "2012.10.03"]
[Round "1"]
[White "Lopez Linares, Lizandro"]
[Black "Arsenault, Nicolas"]
[Result "1/2-1/2"]
[WhiteElo "2096"]
[BlackElo "2109"]
[PlyCount "79"]
[GameId "2160767909444968"]
[EventDate "2012.10.03"]
[EventType "swiss"]
[EventRounds "5"]
[EventCountry "CAN"]
[SourceTitle "EXT 2022"]
[Source "ChessBase"]
[SourceDate "2021.10.06"]
[SourceVersion "1"]
[SourceVersionDate "2021.10.06"]
[SourceQuality "1"]

1. d4 Nf6 2. Nf3 e6 3. Bf4 c5 4. e3 b6 5. Nbd2 Bb7 6. Bd3 cxd4 7. exd4 Be7 8. c3 O-O 9. Qe2 d6 10. h3 Nbd7 11. O-O Qc7 12. Rfe1 h6 13. a4 a6 14. Nc4 Rfe8 15. Nfd2 Qc6 16. f3 d5 17. Ne5 Nxe5 18. Bxe5 Nd7 19. Bh2 Qc8 20. f4 Nf8 21. Nf3 f6 22. g4 Bd6 23. Qd2 Qc7 24. h4 Bc6 25. g5 hxg5 26. hxg5 b5 27. Kh1 f5 28. a5 Ng6 29. Ne5 Bxe5 30. fxe5 Qe7 31. Kg2 Kf7 32. Bg3 Rh8 33. Rh1 Rxh1 34. Rxh1 Rh8 35. Rxh8 Nxh8 36. Be2 Qd8 37. Bh5+ Ng6 38. b4 Qh8 39. Qd1 Be8 40. Qh1 1/2-1/2

[Event "Montreal Mercredi 10"]
[Site "Montreal CAN"]
[Date "2012.10.10"]
[Round "2"]
[White "Arsenault, Nicolas"]
[Black "Chabot, Roland"]
[Result "0-1"]
[WhiteElo "2109"]
[BlackElo "2119"]
[PlyCount "110"]
[GameId "2160767909444969"]
[EventDate "2012.10.03"]
[EventType "swiss"]
[EventRounds "5"]
[EventCountry "CAN"]
[SourceTitle "EXT 2022"]
[Source "ChessBase"]
[SourceDate "2021.10.06"]
[SourceVersion "1"]
[SourceVersionDate "2021.10.06"]
[SourceQuality "1"]

1. e4 e6 2. d4 d5 3. Nc3 dxe4 4. Nxe4 Bd7 5. c4 Nf6 6. Nc3 Bc6 7. Nf3 Bxf3 8. Qxf3 c6 9. Be3 Bb4 10. Be2 Qa5 11. O-O Nbd7 12. Rfc1 O-O 13. a3 Bd6 14. b4 Qc7 15. h3 Rfe8 16. c5 Bf8 17. Bf4 Qc8 18. Bg3 g6 19. Rd1 Bg7 20. Bc4 h6 21. Rab1 a6 22. Bh2 Qd8 23. Qd3 Bf8 24. Qc2 Bg7 25. Rd3 Nf8 26. Rbd1 N8h7 27. R3d2 Ng5 28. f4 Ngh7 29. Re1 h5 30. Qd1 h4 31. Qf3 Bf8 32. Qf2 Nh5 33. Ne4 Be7 34. Be2 Ng7 35. Nd6 Bxd6 36. cxd6 Nf5 37. Bd3 Qxd6 38. Bxf5 exf5 39. Qxh4 Nf6 40. Re5 Nd7 41. Re1 Rxe1+ 42. Qxe1 Nf6 43. Qe5 Rd8 44. Qxd6 Rxd6 45. Kf1 Kf8 46. Ke2 Re6+ 47. Kf3 Re1 48. Re2 Rd1 49. g4 Rd3+ 50. Kg2 fxg4 51. hxg4 Nxg4 52. Bg1 Nf6 53. d5 Nxd5 54. Bc5+ Kg7 55. Rf2 Ne3+ 0-1

[Event "Montreal Mercredi 10"]
[Site "Montreal CAN"]
[Date "2012.10.10"]
[Round "2"]
[White "Boudreau, Daniel"]
[Black "Cardin, Guillaume"]
[Result "1/2-1/2"]
[WhiteElo "2027"]
[BlackElo "2021"]
[PlyCount "160"]
[GameId "2160767909444970"]
[EventDate "2012.10.03"]
[EventType "swiss"]
[EventRounds "5"]
[EventCountry "CAN"]
[SourceTitle "EXT 2022"]
[Source "ChessBase"]
[SourceDate "2021.10.06"]
[SourceVersion "1"]
[SourceVersionDate "2021.10.06"]
[SourceQuality "1"]

1. e4 c5 2. Nf3 g6 3. Bc4 Bg7 4. c3 e6 5. d4 cxd4 6. cxd4 d5 7. exd5 exd5 8. Qe2+ Ne7 9. Bb5+ Bd7 10. Bg5 f6 11. Bf4 O-O 12. O-O Nbc6 13. h3 Nf5 14. Bxc6 Bxc6 15. Nc3 Re8 16. Qd3 Qd7 17. b4 b5 18. a4 a6 19. Ra2 bxa4 20. Rfa1 Bf8 21. Nxa4 Qb7 22. Nc5 Bxc5 23. bxc5 Bb5 24. Qc3 Re4 25. Bh2 Rae8 26. Rc2 R8e6 27. g4 Ne7 28. Qb3 Qd7 29. Bd6 Nc6 30. Qxd5 Nb4 31. Qb3 Nxc2 32. Qxc2 Re2 33. Qb3 g5 34. Rc1 Kg7 35. d5 R6e4 36. Bg3 h5 37. c6 Qc8 38. gxh5 Qxh3 39. c7 Bd7 40. Qd3 g4 41. Nh2 Re1+ 42. Rxe1 Rxe1+ 43. Nf1 Qxh5 44. Qxa6 Qe8 45. Qc4 f5 46. f3 Qe3+ 47. Bf2 Rxf1+ 48. Kxf1 Qe8 49. Qd4+ Kg6 50. Qb6+ Kf7 51. Qh6 Qc8 52. Qh7+ Kf6 53. Bd4+ Kg5 54. Qg7+ Kh5 55. Qf7+ Kh4 56. Bf2+ g3 57. Qh7+ Kg5 58. Qg7+ Kh5 59. Qh7+ Kg5 60. Bxg3 Qa6+ 61. Kg2 Qa2+ 62. Bf2 Qxd5 63. Qh4+ Kg6 64. Qg3+ Kf7 65. Qg5 Qe6 66. Qd8 f4 67. Qh4 Qf5 68. Kh2 Kg6 69. Qh8 Qh5+ 70. Qxh5+ Kxh5 71. Kg2 Kg5 72. Bd4 Kf5 73. Kf2 Ke6 74. Ke2 Bc8 75. Kd3 Kd5 76. Bf6 Ba6+ 77. Kd2 Kd6 78. Bd8 Kd7 79. Ke1 Bb7 80. Kf2 Bc6 1/2-1/2

[Event "Montreal Mercredi 10"]
[Site "Montreal CAN"]
[Date "2012.10.10"]
[Round "2"]
[White "Chiku-Ratte, Olivier-Kenta"]
[Black "De Briey, Laurent"]
[Result "1-0"]
[WhiteElo "2214"]
[BlackElo "2224"]
[PlyCount "119"]
[GameId "2160767909444971"]
[EventDate "2012.10.03"]
[EventType "swiss"]
[EventRounds "5"]
[EventCountry "CAN"]
[SourceTitle "EXT 2022"]
[Source "ChessBase"]
[SourceDate "2021.10.06"]
[SourceVersion "1"]
[SourceVersionDate "2021.10.06"]
[SourceQuality "1"]

1. d4 Nf6 2. c4 g6 3. Nc3 Bg7 4. e4 d6 5. f4 O-O 6. Nf3 c5 7. d5 e6 8. Be2 exd5 9. cxd5 Bg4 10. O-O Re8 11. h3 Bxf3 12. Bxf3 Nbd7 13. g4 Nb6 14. Re1 Nfd7 15. g5 c4 16. Be3 Rc8 17. Bd4 Nc5 18. Bxg7 Kxg7 19. Qd4+ Kg8 20. Bg4 Rc7 21. Nb5 Nd3 22. Nxc7 Qxc7 23. e5 dxe5 24. fxe5 Qd8 25. Re2 Qxd5 26. Qxd5 Nxd5 27. e6 N5f4 28. Re4 b5 29. e7 Ne6 30. Bxe6 fxe6 31. b3 cxb3 32. axb3 Rxe7 33. Rd4 Ne5 34. Rf1 Nf7 35. h4 h6 36. Kf2 hxg5 37. hxg5 Nxg5 38. Rg4 Rf7+ 39. Ke2 Rxf1 40. Kxf1 Nf3 41. Ke2 Ne5 42. Rg5 Nc6 43. Kd3 a6 44. Rc5 Nb4+ 45. Kc3 Nd5+ 46. Kd4 Kf7 47. Ke5 g5 48. Rc6 Nf4 49. Rxa6 Nd3+ 50. Kd4 Nc1 51. b4 Kf6 52. Ke3 Kf5 53. Ra1 Nb3 54. Rb1 Nd4 55. Kxd4 Kf4 56. Rf1+ Kg3 57. Ke5 Kg2 58. Rf8 g4 59. Kxe6 g3 60. Kd5 1-0

[Event "Montreal Mercredi 10"]
[Site "Montreal CAN"]
[Date "2012.10.10"]
[Round "2"]
[White "Cote, Philippe"]
[Black "Baran, Marius"]
[Result "1-0"]
[WhiteElo "1739"]
[BlackElo "1739"]
[PlyCount "73"]
[GameId "2160767909444972"]
[EventDate "2012.10.03"]
[EventType "swiss"]
[EventRounds "5"]
[EventCountry "CAN"]
[SourceTitle "EXT 2022"]
[Source "ChessBase"]
[SourceDate "2021.10.06"]
[SourceVersion "1"]
[SourceVersionDate "2021.10.06"]
[SourceQuality "1"]

1. e4 c5 2. Nf3 d6 3. d4 cxd4 4. Nxd4 Nf6 5. Nc3 a6 6. Bc4 Nbd7 7. O-O Nc5 8. Re1 e6 9. Qf3 Be7 10. Qg3 b5 11. Bd3 Bb7 12. a3 Rc8 13. f4 Nxd3 14. cxd3 h5 15. Nf3 h4 16. Qh3 d5 17. e5 Bc5+ 18. d4 Ne4 19. dxc5 Nxc3 20. bxc3 Rxc5 21. Bd2 Rc4 22. Nd4 Qb6 23. Qe3 h3 24. g3 Rh6 25. Kf1 Kd7 26. Qd3 Qc5 27. f5 Rh5 28. fxe6+ fxe6 29. Qg6 Rxd4 30. cxd4 Rf5+ 31. Bf4 Qc4+ 32. Re2 Qd3 33. Qxg7+ Kd8 34. Rc1 Bc6 35. Qg8+ Kd7 36. Qb8 Qxa3 37. Qd6+ 1-0

[Event "Montreal Mercredi 10"]
[Site "Montreal CAN"]
[Date "2012.10.10"]
[Round "2"]
[White "Gauthier, Luc"]
[Black "Lacroix, Serge"]
[Result "1-0"]
[WhiteElo "1743"]
[BlackElo "1784"]
[PlyCount "51"]
[GameId "2160767909444973"]
[EventDate "2012.10.03"]
[EventType "swiss"]
[EventRounds "5"]
[EventCountry "CAN"]
[SourceTitle "EXT 2022"]
[Source "ChessBase"]
[SourceDate "2021.10.06"]
[SourceVersion "1"]
[SourceVersionDate "2021.10.06"]
[SourceQuality "1"]

1. e4 e6 2. d4 d5 3. e5 c5 4. c3 Nc6 5. Nf3 cxd4 6. cxd4 Bb4+ 7. Bd2 Nge7 8. Nc3 Nf5 9. Bb5 Bd7 10. Bxc6 Bxc6 11. O-O Qb6 12. Ne2 O-O 13. g4 Bxd2 14. Qxd2 Ne7 15. Nf4 Ng6 16. Nh5 Bb5 17. Rfc1 Rac8 18. h4 f5 19. exf6 gxf6 20. Nxf6+ Kg7 21. Nh5+ Kg8 22. Qh6 Rxc1+ 23. Rxc1 Rf7 24. Rc8+ Nf8 25. Rxf8+ Rxf8 26. Qg7# 1-0

[Event "Montreal Mercredi 10"]
[Site "Montreal CAN"]
[Date "2012.10.10"]
[Round "2"]
[White "Lalonde, Paul"]
[Black "Dion, Etienne"]
[Result "1/2-1/2"]
[WhiteElo "1888"]
[BlackElo "1867"]
[PlyCount "82"]
[GameId "2160767909444974"]
[EventDate "2012.10.03"]
[EventType "swiss"]
[EventRounds "5"]
[EventCountry "CAN"]
[SourceTitle "EXT 2022"]
[Source "ChessBase"]
[SourceDate "2021.10.06"]
[SourceVersion "1"]
[SourceVersionDate "2021.10.06"]
[SourceQuality "1"]

1. e4 e6 2. d4 d5 3. Nd2 dxe4 4. Nxe4 Bd7 5. Nf3 Bc6 6. Bd3 Nd7 7. Ne5 Bxe4 8. Bxe4 Nxe5 9. dxe5 Qxd1+ 10. Kxd1 O-O-O+ 11. Ke2 Bc5 12. Be3 Bxe3 13. Kxe3 Ne7 14. Rad1 Nd5+ 15. Bxd5 Rxd5 16. Rxd5 exd5 17. Kd4 c6 18. f4 Kd7 19. Re1 h5 20. Re3 Ke6 21. Ra3 c5+ 22. Ke3 a6 23. Rb3 b5 24. Ra3 Ra8 25. c3 Kf5 26. Ra5 g5 27. g3 f6 28. exf6 Kxf6 29. b4 d4+ 30. cxd4 cxb4 31. Ke4 gxf4 32. gxf4 Re8+ 33. Kd5 Re6 34. Kc5 Kf5 35. d5 Re2 36. Rxa6 Rxh2 37. Kxb4 Kxf4 38. Kxb5 Ke5 39. Kc4 Rc2+ 40. Kd3 Rc5 41. d6 Rd5+ 1/2-1/2

[Event "Montreal Mercredi 10"]
[Site "Montreal CAN"]
[Date "2012.10.10"]
[Round "2"]
[White "Lopez Linares, Lizandro"]
[Black "Levkovsky, Alexandre"]
[Result "0-1"]
[WhiteElo "2096"]
[BlackElo "2247"]
[PlyCount "64"]
[GameId "2160767909444975"]
[EventDate "2012.10.03"]
[EventType "swiss"]
[EventRounds "5"]
[EventCountry "CAN"]
[SourceTitle "EXT 2022"]
[Source "ChessBase"]
[SourceDate "2021.10.06"]
[SourceVersion "1"]
[SourceVersionDate "2021.10.06"]
[SourceQuality "1"]

1. d4 Nf6 2. c4 e6 3. Nf3 Bb4+ 4. Bd2 Qe7 5. g3 O-O 6. Bg2 Bxd2+ 7. Nbxd2 d6 8. O-O e5 9. e4 Bg4 10. d5 c5 11. Qc2 a6 12. Rfe1 Nbd7 13. Nh4 Nb6 14. Nf5 Qd7 15. h3 Bxf5 16. exf5 Nc8 17. g4 h6 18. Nf1 b5 19. b3 Nb6 20. a4 bxa4 21. bxa4 Rfb8 22. Reb1 Nc8 23. Ne3 Qa7 24. h4 Nh7 25. Be4 Rb4 26. a5 Rab8 27. Kh2 Qc7 28. Rg1 Rb2 29. Qa4 Rxf2+ 30. Rg2 Rf4 31. Qc2 Qe7 32. Kh3 Nf6 0-1

[Event "Montreal Mercredi 10"]
[Site "Montreal CAN"]
[Date "2012.10.10"]
[Round "2"]
[White "Millette, Sylvain"]
[Black "Lopez Linares, Cesar"]
[Result "0-1"]
[WhiteElo "1668"]
[BlackElo "1732"]
[PlyCount "79"]
[GameId "2160767909444976"]
[EventDate "2012.10.03"]
[EventType "swiss"]
[EventRounds "5"]
[EventCountry "CAN"]
[SourceTitle "EXT 2022"]
[Source "ChessBase"]
[SourceDate "2021.10.06"]
[SourceVersion "1"]
[SourceVersionDate "2021.10.06"]
[SourceQuality "1"]

1. Nf3 Nf6 2. g3 g6 3. Bg2 Bg7 4. d4 d6 5. O-O O-O 6. c3 Nbd7 7. Nbd2 e5 8. dxe5 dxe5 9. e4 Qe7 10. Qc2 a5 11. Nc4 Nc5 12. Bg5 h6 13. Be3 Ng4 14. h3 Nxe3 15. Nxe3 c6 16. Rad1 a4 17. Nc4 Be6 18. Nfxe5 b5 19. Nxc6 Qc7 20. N4a5 Rxa5 21. Nxa5 Qxa5 22. Rd6 Bxa2 23. f4 Bc4 24. Re1 a3 25. b4 Qa4 26. Qxa4 Nxa4 27. e5 Nxc3 28. Bf1 Bxf1 29. Kxf1 Ra8 30. Rc6 a2 31. Ra1 Ra3 32. Ke1 Bf8 33. Rc8 Kg7 34. Kd2 Bxb4 35. Kc2 Ne4 36. Kb2 Nc3 37. Rd8 Na4+ 38. Kc2 Bc3 39. Rd3 b4 40. Rxc3 0-1

[Event "Montreal Mercredi 10"]
[Site "Montreal CAN"]
[Date "2012.10.10"]
[Round "2"]
[White "Munshi, Shawkat"]
[Black "O'Connor, Michael"]
[Result "1/2-1/2"]
[WhiteElo "1614"]
[BlackElo "1691"]
[PlyCount "77"]
[GameId "2160767909444977"]
[EventDate "2012.10.03"]
[EventType "swiss"]
[EventRounds "5"]
[EventCountry "CAN"]
[SourceTitle "EXT 2022"]
[Source "ChessBase"]
[SourceDate "2021.10.06"]
[SourceVersion "1"]
[SourceVersionDate "2021.10.06"]
[SourceQuality "1"]

1. Nf3 Nf6 2. e3 d6 3. d4 g6 4. b3 Bg7 5. Bb2 O-O 6. Nbd2 c5 7. Be2 cxd4 8. exd4 Nc6 9. O-O Bf5 10. c4 Ne4 11. Nxe4 Bxe4 12. Qd2 d5 13. c5 Qc7 14. b4 Rad8 15. b5 Na5 16. Qe3 Bxf3 17. Qxf3 e5 18. Qg3 Rfe8 19. Rac1 Bh6 20. Rc2 Bf4 21. Qa3 exd4 22. Bxd4 Bxh2+ 23. Kh1 Be5 24. Bxe5 Rxe5 25. Qg3 Qe7 26. Bd3 d4 27. Rfc1 Rc8 28. Qf4 Rh5+ 29. Kg1 Rcxc5 30. Qxd4 Rxc2 31. Rxc2 Qe1+ 32. Bf1 Qe6 33. Qd8+ Kg7 34. Rc8 Qe5 35. g3 Qd5 36. Qf8+ Kf6 37. Qh8+ Kg5 38. f4+ Kg4 39. Be2+ 1/2-1/2

[Event "Montreal Mercredi 10"]
[Site "Montreal CAN"]
[Date "2012.10.10"]
[Round "2"]
[White "Tremblay, Alain"]
[Black "Cloutier, Mathieu"]
[Result "1/2-1/2"]
[WhiteElo "2072"]
[BlackElo "2072"]
[PlyCount "111"]
[GameId "2160767909444978"]
[EventDate "2012.10.03"]
[EventType "swiss"]
[EventRounds "5"]
[EventCountry "CAN"]
[SourceTitle "EXT 2022"]
[Source "ChessBase"]
[SourceDate "2021.10.06"]
[SourceVersion "1"]
[SourceVersionDate "2021.10.06"]
[SourceQuality "1"]

1. d4 Nf6 2. c4 c5 3. d5 e6 4. Nc3 exd5 5. cxd5 d6 6. e4 g6 7. h3 Bg7 8. Bd3 O-O 9. Nf3 b5 10. Bxb5 Nxe4 11. Nxe4 Qa5+ 12. Nfd2 Qxb5 13. Nxd6 Qd3 14. Qb3 Ba6 15. Qxd3 Bxd3 16. N2c4 Nd7 17. Be3 Nb6 18. Rc1 Nxd5 19. Kd2 Nxe3 20. fxe3 Bxc4 21. Nxc4 Rad8+ 22. Kc2 Bh6 23. Rcd1 Rxd1 24. Rxd1 Re8 25. Rd3 Re4 26. b3 f5 27. Rd8+ Bf8 28. Kd3 Re6 29. a4 Kf7 30. Rd7+ Re7 31. Ne5+ Ke6 32. Rxe7+ Bxe7 33. Nc6 a6 34. Kc4 Bg5 35. Kxc5 Bxe3+ 36. Kc4 Kd6 37. Nb4 a5 38. Nd3 Kc6 39. Ne5+ Kd6 40. Nd3 Bd2 41. Kd4 g5 42. Nb2 Be1 43. Nd3 Bd2 44. Kc4 h5 45. Kd4 h4 46. Nf2 Be1 47. Nd3 Bg3 48. b4 axb4 49. Nxb4 g4 50. hxg4 fxg4 51. Ke4 Kc5 52. Nd3+ Kc4 53. a5 h3 54. gxh3 gxh3 55. Kf3 h2 56. Kg2 1/2-1/2

[Event "Montreal Mercredi 10"]
[Site "Montreal CAN"]
[Date "2012.10.10"]
[Round "2"]
[White "Weston, Paul"]
[Black "Rondon, Luciano"]
[Result "1/2-1/2"]
[WhiteElo "1970"]
[BlackElo "2014"]
[PlyCount "103"]
[GameId "2160767909444979"]
[EventDate "2012.10.03"]
[EventType "swiss"]
[EventRounds "5"]
[EventCountry "CAN"]
[SourceTitle "EXT 2022"]
[Source "ChessBase"]
[SourceDate "2021.10.06"]
[SourceVersion "1"]
[SourceVersionDate "2021.10.06"]
[SourceQuality "1"]

1. f4 d5 2. g3 Nf6 3. Bg2 g6 4. Nf3 Bg7 5. d3 O-O 6. c3 b6 7. O-O Bb7 8. Qe1 c5 9. h3 e6 10. a4 Nc6 11. g4 Ne7 12. Nbd2 Qc7 13. Ne5 Nd7 14. Ndf3 f6 15. Nxd7 Qxd7 16. e4 Ba6 17. exd5 exd5 18. Qd1 Rae8 19. Re1 Nc6 20. Be3 f5 21. gxf5 Qxf5 22. d4 cxd4 23. Nxd4 Nxd4 24. Bxd4 Rxe1+ 25. Qxe1 Bxd4+ 26. cxd4 Bc4 27. Qe5 Qxf4 28. Bxd5+ Bxd5 29. Qxd5+ Qf7 30. Qg2 Qf4 31. d5 Qe3+ 32. Kh1 Rf3 33. Qg4 Rxh3+ 34. Kg2 Rh5 35. Qe6+ Qxe6 36. dxe6 Re5 37. Rc1 Rxe6 38. Rc7 Re2+ 39. Kf3 Rxb2 40. Rxa7 b5 41. a5 Ra2 42. Kf4 b4 43. Kg5 Rg2+ 44. Kf6 Rf2+ 45. Ke6 b3 46. a6 h5 47. Rb7 Re2+ 48. Kf6 Ra2 49. a7 Ra6+ 50. Kg5 b2 51. Rb8+ Kg7 52. Rb7+ 1/2-1/2

[Event "Montreal Mercredi 10"]
[Site "Montreal CAN"]
[Date "2012.10.31"]
[Round "2"]
[White "Nardone, Raul"]
[Black "Barko, Maxim"]
[Result "1/2-1/2"]
[WhiteElo "1821"]
[BlackElo "1751"]
[PlyCount "130"]
[GameId "2160767909444980"]
[EventDate "2012.10.03"]
[EventType "swiss"]
[EventRounds "5"]
[EventCountry "CAN"]
[SourceTitle "EXT 2022"]
[Source "ChessBase"]
[SourceDate "2021.10.06"]
[SourceVersion "1"]
[SourceVersionDate "2021.10.06"]
[SourceQuality "1"]

1. d4 Nf6 2. c4 g6 3. Nc3 Bg7 4. e4 O-O 5. e5 Ne8 6. f4 d6 7. Nf3 dxe5 8. fxe5 c5 9. Be3 Nc6 10. dxc5 Qa5 11. Be2 Nxe5 12. O-O Ng4 13. Bd4 e5 14. b4 Qxb4 15. Rb1 Qa5 16. Rb5 Qa3 17. Rb3 Qa5 18. Rb5 Qd8 19. Bf2 Qxd1 20. Rxd1 Nxf2 21. Kxf2 Nc7 22. Ra5 Bf5 23. Nd5 Nxd5 24. cxd5 b6 25. Rb5 bxc5 26. Rxc5 Rfd8 27. Bc4 Rd6 28. Rc7 a5 29. Ng5 Rf8 30. h3 h6 31. Nf3 Rc8 32. Rxc8+ Bxc8 33. Rb1 Ba6 34. Rb8+ Kh7 35. Bxa6 Rxa6 36. Rb5 e4 37. Nd2 Bd4+ 38. Ke2 f5 39. Nc4 Bc3 40. d6 Ra7 41. Rc5 Ra8 42. Rc7+ Bg7 43. Ne3 Rd8 44. d7 Be5 45. Rb7 Kg7 46. Nd5 Kf7 47. Nb6 Ke6 48. Nc4 Bc3 49. Rb6+ Kf7 50. Rb7 g5 51. Ne3 f4 52. Nd5 Bd4 53. Nb6 h5 54. Nc4 g4 55. hxg4 hxg4 56. Nxa5 Ke6 57. Nc6 f3+ 58. gxf3 gxf3+ 59. Kf1 Rxd7 60. Rxd7 Kxd7 61. Nxd4 Kd6 62. Kf2 Kc5 63. Nc2 Kc4 64. Ke3 Kc3 65. Ne1 Kc4 1/2-1/2